<?xml version="1.0" encoding="UTF-8"?>
<record
    xmlns:xsi="http://www.w3.org/2001/XMLSchema-instance"
    xsi:schemaLocation="http://www.loc.gov/MARC21/slim http://www.loc.gov/standards/marcxml/schema/MARC21slim.xsd"
    xmlns="http://www.loc.gov/MARC21/slim">

  <leader>00889nam a22001697a 4500</leader>
  <controlfield tag="005">20120614113448.0</controlfield>
  <datafield tag="020" ind1=" " ind2=" ">
    <subfield code="a">9788188418381</subfield>
    <subfield code="c">975.00</subfield>
  </datafield>
  <datafield tag="100" ind1=" " ind2=" ">
    <subfield code="a">&#x928;&#x93E;&#x917;&#x94B;&#x930;&#x940;, &#x90F;&#x938;.&#x90F;&#x932;.</subfield>
    <subfield code="9">49044</subfield>
  </datafield>
  <datafield tag="245" ind1=" " ind2=" ">
    <subfield code="a">&#x938;&#x94D;&#x935;&#x924;&#x928;&#x94D;&#x924;&#x94D;&#x930;&#x924;&#x93E; &#x938;&#x947;&#x928;&#x93E;&#x928;&#x940; &#x915;&#x94B;&#x936;;</subfield>
    <subfield code="b">(&#x917;&#x93E;&#x902;&#x927;&#x940;&#x92F;&#x941;&#x917;&#x940;&#x928;)/</subfield>
    <subfield code="c">&#x90F;&#x938;.&#x90F;&#x932; &#x928;&#x93E;&#x917;&#x94B;&#x930;&#x940; &#x90F;&#x902;&#x935; &#x915;&#x93E;&#x928;&#x94D;&#x924;&#x93E; &#x928;&#x93E;&#x917;&#x94B;&#x930;&#x940;</subfield>
  </datafield>
  <datafield tag="260" ind1=" " ind2=" ">
    <subfield code="a">&#x91C;&#x92F;&#x92A;&#x941;&#x930;</subfield>
    <subfield code="b">&#x917;&#x940;&#x924;&#x93E;&#x902;&#x91C;&#x932;&#x93F; &#x92A;&#x94D;&#x930;&#x915;&#x93E;&#x936;&#x928;</subfield>
    <subfield code="c">2011</subfield>
  </datafield>
  <datafield tag="270" ind1=" " ind2=" ">
    <subfield code="a">&#x92B;&#x93F;&#x932;&#x94D;&#x92E; &#x915;&#x93E;&#x932;&#x94B;&#x928;&#x940;, &#x91A;&#x94C;&#x921;&#x93C;&#x93E; &#x930;&#x93E;&#x938;&#x94D;&#x924;&#x93E;</subfield>
    <subfield code="e">302003</subfield>
    <subfield code="k">01412315072</subfield>
  </datafield>
  <datafield tag="300" ind1=" " ind2=" ">
    <subfield code="a">viii,500 &#x92A;&#x943;.</subfield>
    <subfield code="c">22 &#x938;&#x947;&#x902;.&#x92E;&#x940;.(&#x938;&#x91C;&#x93F;&#x932;&#x94D;&#x926;)</subfield>
  </datafield>
  <datafield tag="700" ind1=" " ind2=" ">
    <subfield code="a">&#x915;&#x93E;&#x928;&#x94D;&#x924;&#x93E; &#x928;&#x93E;&#x917;&#x94B;&#x930;&#x940;</subfield>
    <subfield code="9">49045</subfield>
  </datafield>
  <datafield tag="942" ind1=" " ind2=" ">
    <subfield code="2">ddc</subfield>
    <subfield code="c">HN</subfield>
    <subfield code="m">&#x928;&#x93E;&#x917;&#x94B;&#x930;&#x940;</subfield>
  </datafield>
  <datafield tag="999" ind1=" " ind2=" ">
    <subfield code="c">67904</subfield>
    <subfield code="d">67904</subfield>
  </datafield>
  <datafield tag="952" ind1=" " ind2=" ">
    <subfield code="0">0</subfield>
    <subfield code="1">0</subfield>
    <subfield code="4">0</subfield>
    <subfield code="7">0</subfield>
    <subfield code="a">AG</subfield>
    <subfield code="b">AG</subfield>
    <subfield code="d">2012-06-14</subfield>
    <subfield code="g">975.00</subfield>
    <subfield code="l">0</subfield>
    <subfield code="o">&#x928;&#x93E;&#x917;&#x94B;&#x930;&#x940;</subfield>
    <subfield code="r">2012-06-14 00:00:00</subfield>
    <subfield code="v">975.00</subfield>
    <subfield code="w">2012-06-14</subfield>
    <subfield code="y">HN</subfield>
  </datafield>
</record>
